000 00602nam a2200229Ia 4500
003 OSt
005 20221005121120.0
006 a|||||r|||| 00| 0
007 ta
008 221004b |||||||| |||| 00| 0 eng d
024 _a66664
037 _cTextual
040 _aCRL
_cCRL
_beng
041 _2eng
_aeng
082 _aV55:24:M7, K5-1
100 _aMorgan Riger
_9630091
245 0 _aGerman social democrats and the first international 1864--1872.
260 _c1965
650 _aHISTORY
942 _hV55:24:M7, K5-1
_cTEXL
_2cc
999 _c1040136
_d1040136